000 01377nas a2200253 454500
001 19330
005 20260407193505.0
008 260407s1978####ag###########|||spa#d
003 AR-UNSa-BCEJYS
040 _aAR-UNSa-BCEJYS
_bspa
_cAR-UNSa-BCEJYS
080 _a338.43
_xAgricultura como una rama de la economía. Economía de los productos alimenticios
245 1 0 _aRevista de la Bolsa de cereales
022 _a0045-2467
264 1 _aBuenos Aires :
_bBolsa de Cereales
_c1978
310 _aFrecuencia: Irregular Cambia de Director a partir del Nº 2948 por José J. Manny Lalor Cambia de Director a partir del Nº 2972 por Jorge Cort Cambia de Director a partir del Nº 2990 por Héctor N. Donadío Cambia de Director a partir del Nº 2993 por Guillermo F. Moresco Cambia de Director a partir del Nº 3000 por Fernando R. Frávega Cambia de Director a partir del Nº 3018 por Pedro García Oliver Cambia de Director a partir del Nº 3019 por José M. Gogna Cambia de Director a partir del Nº 3026 por Raúl A. Cavallo
942 _cSER
590 _aniveau_biblio:s niveau_hierar:1
100 1 _aBolsa de Cereales de Buenos Aires
700 1 _aGogna, José M.
650 _aAgricultura
650 _aEconomía de mercado
650 _aCereales
856 4 1 _uhttps://biblioeco.unsa.edu.ar/pmb/images/revistas/Bolsa de Cereales.jpg
_yImagen de portada
_qimage/jpeg
999 _c8520
_d8520